000 01394nam a2200325 i 4500
001 9887
003 KOSZ 005
005 20180411122609.0
008 120530s2012 pl a f f |000 0 pol
015 _aPB 19373/2012
020 _a9788373652798
040 _aWA N
_cBPK
_dKOSZ 005/EG
041 0 _apol
_beng
080 _a536
080 _a(075.8)
100 1 _aBOHDAL, Tadeusz.
_bPolitechnika Koszalińska - Wydział Mechaniczny,
_cZakład Termomechaniki i Chłodnictwa
_d1996 - .
245 1 0 _aZasady transportu ciepła.
_nCz. 1 /
_cTadeusz Bohdal, Henryk Charun.
260 _aKoszalin :
_bWydaw. Uczelniane Politechniki Koszalińskiej,
_c2012.
300 _a213, [2] s. :
_bil. ;
_c24 cm.
490 1 _aPodręcznik Wydziału Mechanicznego / Politechnika Koszalińska.
504 _aBibliogr. s. 199-201.
521 8 _aDo przedmiotów: analiza procesów cieplnych, modelowanie systemów cieplnych.
546 _aStreszcz. ang.
650 0 _aPrzewodnictwo cieplne.
655 0 _aPodręczniki akademickie.
700 _aCHARUN, Henryk.
_bPolitechnika Koszalińska - Wydział Mechaniczny,
_cKatedra Techniki Cieplnej i Chłodnictwa
_d1996 - .
856 _uhttp://koha.tu.koszalin.pl/cgi-bin/koha/opac-detail.pl?biblionumber=60879
_yKatalog online BPK
856 _uhttp://dlibra.tu.koszalin.pl/dlibra/docmetadata?id=622
_yBiblioteka Cyfrowa
942 _2UKD
_cKS
999 _c9887
_d9887